| 000 | 01186cam a22003257a 4500 | ||
|---|---|---|---|
| 003 | CHAP | ||
| 005 | 20220329140719.0 | ||
| 008 | 971013s1982 r 10010 d | ||
| 010 | _a56422 | ||
| 011 | _a57394 | ||
| 035 | _a61549 | ||
| 040 | _cCHAP | ||
| 082 |
_a634.063 _bS5 1982 |
||
| 111 | 0 | 0 |
_aSimposio sobre la Investigación, el Desarrollo Experimental y la Docencia en CONAFRUT ( _n5 _d: 1982 _c: México, D. F.) _9106417 |
| 245 | 0 | _aMemoria | |
| 260 |
_aMéxico, D. F. : _bComisión Nacional de Fruticultura, _c1982 |
||
| 300 | _a4 v. | ||
| 590 |
_aBATCH-UPD _b10 _c20130110 _lUCH01 _h1436 |
||
| 590 |
_aBATCH-UPD _b10 _c20130410 _lUCH01 _h0910 |
||
| 590 |
_aBATCH-UPD _b10 _c20130914 _lUCH01 _h1448 |
||
| 590 |
_aCONVERSION _b10 _c20130109 _lUCH01 _h1330 |
||
| 650 | 1 | 4 |
_aFruticultura _xCongresos. _943712 |
| 650 | 1 | 4 |
_aFruticultura _zMéxico. _943762 |
| 901 | _aBK | ||
| 942 | _cLIBRO | ||
| 949 |
_a634.063 S5 1982 _bBC _cCONG _d-132185 _eCONG _fv.3 _h70810 _i61549 _si |
||
| 949 |
_a634.063 S5 1982 _bBC _cCONG _d-132187 _eCONG _fv.4 _h69692 _i61549 _si |
||
| 949 |
_a634.063 S5 1982 _bBC _cCONG _d615491 _eCONG _fv.1 _i61549 _sb |
||
| 949 |
_a634.063 S5 1982 _bBC _cCONG _d615492 _eCONG _fv.2 _i61549 _sb |
||
| 999 |
_c56422 _d56422 |
||